Dream Worlds: Production design in Animation.
Saved in:
| Main Author: | |
|---|---|
| Format: | Book |
| Language: | Spanish |
| Published: |
Burlington, Massachusetts, United States; Abingdon, Oxon, United Kingdom:
Focal Press; Taylor & Francis Group,
2013.
|
| Subjects: | |
| Tags: |
Add Tag
No Tags, Be the first to tag this record!
|
MARC
| LEADER | 00000nam a22000007a 4500 | ||
|---|---|---|---|
| 003 | CL-VaPUC | ||
| 005 | 20250407202448.0 | ||
| 008 | 250122t2013 ||||| |||| 00| 0 spa d | ||
| 999 | |c 447373 |d 447371 | ||
| 020 | |a 978-0-240-52093-3 | ||
| 040 | |c Pontificia Universidad Católica de Valparaíso | ||
| 082 | |a 791.4334 HAN 2013 |2 22 | ||
| 100 | |9 895728 |a Bacher, Hans |e author | ||
| 245 | |a Dream Worlds: |b Production design in Animation. | ||
| 260 | |a Burlington, Massachusetts, United States; |a Abingdon, Oxon, United Kingdom: |b Focal Press; |b Taylor & Francis Group, |c 2013. | ||
| 300 | |a 208 páginas: |b ilustraciones. | ||
| 500 | |a c.1-c.2. Instituto Arcos. 08-01-2025 | ||
| 583 | |c 20250122 |k Gabriela Rodríguez Cuevas | ||
| 650 | 0 | |9 399363 |a Animación |x Caricaturas, historietas, etc. |v Ilustraciones | |
| 650 | 0 | |9 341013 |a Dibujos animados |x Películas estadounidenses |x Disney | |
| 942 | |2 ddc |c BK |n 0 | ||
| 952 | |0 0 |1 0 |2 ddc |4 0 |6 791_433400000000000_HAN_2013 |7 0 |8 A |9 601331 |a BIBINC |b BIBINC |d 2025-03-17 |e Instituto Arcos |i 5666172 |o 791.4334 HAN 2013 |p 5666172 |r 2025-03-17 |t 1 |w 2025-03-17 |y BK |k IFP | ||
| 952 | |0 0 |1 0 |2 ddc |4 0 |6 791_433400000000000_HAN_2013 |7 0 |8 A |9 601332 |a BIBINC |b BIBINC |d 2025-03-17 |e Instituto Arcos |i 5666173 |o 791.4334 HAN 2013 |p 5666173 |r 2025-03-17 |t 2 |w 2025-03-17 |y BK |k IFP | ||